Länder mit den meisten Protestanten - Statistiken

Allgemein
  • Dieses Quiz wurde 52 mal gespielt
  • Das Durchschnittsergebnis liegt bei 11 aus 20
Antwortstatistiken
Anzahl Land % Korrekt
28,3 Mio. Deutschland
96%
8,0 Mio. Kanada
89%
144 Mio. USA
89%
23,2 Mio. Vereinigtes Königreich
87%
9,3 Mio. Schweden
80%
8,1 Mio. Australien
78%
48,6 Mio. Brasilien
76%
8,6 Mio. Mexiko
74%
21,9 Mio. DR Kongo
48%
27,4 Mio. Kenia
48%
16,1 Mio. Indonesien
37%
8,0 Mio. Kamerun
33%
10,0 Mio. Mosambik
33%
24,8 Mio. Äthiopien
30%
16,4 Mio. Sambia
30%
13,2 Mio. Simbabwe
30%
12,4 Mio. Südkorea
28%
14,9 Mio. Angola
26%
23,2 Mio. Uganda
26%
7,4 Mio. Papua-Neuguinea
13%
Keine übereinstimmenden Quizze gefunden
Verteilung der Resultate
Anzahl Personen mit jedem Resultat
Perzentil nach korrekt beantworteten Fragen
Ihre Resultats-Entwicklung
Sie haben dieses Quiz noch nicht gespielt